Mots patouesques-QCM_emoji sport - Statistiques

Statistiques générales
  • Ce quiz a été pris 13 fois
  • Le résultat moyen est 3 sur 5
Statistiques - réponses
Question Réponse % Correct
🏆 (champion) fampion
80%
🎾 (tennis) tennif
60%
🏒 (hockey sur glace) hockey fur glafe
50%
⛸️ (patin à glace) patinave artiftique
50%
🥊 (boxe) boxfe
40%
Aucun quiz correspondant
Distribution des résultats
% des personnes avec chaque résultat
Percentile par nombre de réponses
Votre historique - résultats
Vous n’avez pas pris ce quiz